000
00319nam a22001337a 4500
008
170529b xxu||||| |||| 00| 0 eng d
020
_a
3446151001
041
_a
ger
080
_a
621.3
100
_a
27
101
_a
IM
245
_a
SENSOR-DATENVERARBEITUNG-IN DER FERTIGUNGS-TECHNIK
_c
PRITSCHOW.G
942
_2
udc
_c
BK
999
_c
14718
_d
14718